|
|
|
|
| LEADER |
01620nam a2200313 a 4500 |
| 001 |
0020895 |
| 003 |
BD-DhAAL |
| 008 |
100927s1953 bg w 000 0 eng d |
| 040 |
|
|
|a BD-DhAAL
|c BD-DhAAL
|
| 082 |
0 |
0 |
|a 348.5492046
|2 22
|
| 130 |
0 |
|
|a DLR
|9 3977
|
| 245 |
0 |
0 |
|a Dacca law reports :
|b index of cases of federal court.
|n Volume V.
|
| 246 |
1 |
7 |
|a The Dhaka Law Reports.
|
| 260 |
|
|
|a Dacca [Bangladesh] :
|b Dacca Law Reports,
|c 1953.
|
| 300 |
|
|
|a 3, 328, 88 p. :
|c 25 cm
|
| 362 |
0 |
|
|a Vol. 5 (1953)
|
| 500 |
|
|
|a "A journal of law reports."
|
| 500 |
|
|
|a Latest issue consulted: Vol.V,January to December,1953
|
| 526 |
|
|
|a SOL
|x Saira Rahman Khan,
Associate Professor
School of Law
BRAC University
|
| 541 |
|
|
|e 0020895, 0022283
|a Anupam Gyan Bhandar
|
| 590 |
|
|
|a Published yearly.
|
| 650 |
|
0 |
|a Law reports, digests, etc.
|z Bangladesh.
|9 3978
|
| 650 |
|
0 |
|a Law reports, digests, etc.
|z India
|z Bengal.
|9 3979
|
| 852 |
4 |
|
|a Ayesha Abed Library
|
| 942 |
|
|
|2 ddc
|c 1HOUR
|
| 999 |
|
|
|c 10647
|d 10647
|
| 952 |
|
|
|0 0
|1 0
|2 ddc
|4 0
|6 348_549204600000000_DAC
|7 0
|8 REF
|9 16014
|a BRACUL
|b BRACUL
|c REF
|d 2011-04-07
|l 2
|o 348.5492046 DAC
|p 3010022283
|r 2013-08-03
|s 2013-08-03
|t 2
|w 2011-04-07
|y 1HOUR
|
| 952 |
|
|
|0 0
|1 0
|2 ddc
|4 0
|6 348_549204600000000_DAC
|7 0
|8 REF
|9 23963
|a BRACUL
|b BRACUL
|c REF
|d 2014-03-18
|l 3
|o 348.5492046 DAC
|p 3010020895
|r 2017-11-06
|s 2017-11-06
|t 1
|w 2014-03-18
|y 1HOUR
|x Requisitioned by Saira Rahman Khan, Associate Professor, School of Law, BRAC University.
|
| 952 |
|
|
|0 0
|1 0
|2 ddc
|4 0
|6 348_549200000000000_046_DAC
|7 0
|8 REF
|9 54156
|a BRACUL
|b BRACUL
|c REF
|d 2015-06-08
|g 994.00
|l 1
|o 348.5492046 DAC
|p 3010029127
|r 2015-07-13
|s 2015-07-13
|t 3
|w 2015-06-08
|y 1HOUR
|